000 00377nam a22001337a 4500
005 20141108020006.0
008 140520b xxu||||| |||| 00| 0 eng d
050 _aBX2179.L9
_bO11
100 _aOakley, Jack
_910357
245 _aSoldiering with Saint Ignatius
_cOakley, Jack
260 _aLondon
_bAthena Press
_c2004
300 _a133p.;
_c21cm.
942 _2lcc
_cMONOGRAPH
_03
999 _c120540
_d120540